Ảnh hưởng của rơm rạ xử lý bằng chế phẩm Trichoderma sp. đến độ phì nhiêu đất lúa hè thu 2010 tại tỉnh An Giang : Luận án Thạc sĩ Khoa học Đất

Đề tài đánh giá hiệu quả xử lý rơm rạ trực tiếp sau thu hoạch bằng Trichoderma sp. ở điều kiện ngoài đồng và hiệu quả của rơm rạ xử lý bằng chế phẩm Trichoderma sp. đến năng suất lúa và độ phì nhiêu đất vụ hè thu năm 2010....

Full description

Saved in:
Bibliographic Details
Main Author: Trần, Thị Anh Thư
Format: Book
Language:Undetermined
Published: Cần Thơ Trường Đại học Cần Thơ 2010
Subjects:
Tags: Add Tag
No Tags, Be the first to tag this record!
Institutions: Trung tâm Học liệu Trường Đại học Cần Thơ
LEADER 01291nam a2200217Ia 4500
001 CTU_162603
008 210402s9999 xx 000 0 und d
082 |a 631.4 
082 |b Th550 
088 |a 60620103 
100 |a Trần, Thị Anh Thư 
245 0 |a Ảnh hưởng của rơm rạ xử lý bằng chế phẩm Trichoderma sp. đến độ phì nhiêu đất lúa hè thu 2010 tại tỉnh An Giang : 
245 0 |b Luận án Thạc sĩ Khoa học Đất 
245 0 |c Trần Thị Anh Thư ; Trần Thị Ngọc Sơn hướng dẫn khoa học 
260 |a Cần Thơ 
260 |b Trường Đại học Cần Thơ 
260 |c 2010 
520 |a Đề tài đánh giá hiệu quả xử lý rơm rạ trực tiếp sau thu hoạch bằng Trichoderma sp. ở điều kiện ngoài đồng và hiệu quả của rơm rạ xử lý bằng chế phẩm Trichoderma sp. đến năng suất lúa và độ phì nhiêu đất vụ hè thu năm 2010. 
650 |a Độ phì nhiêu của đất,Soil fertility,Soil science,Straw,Trichoderma,Khoa học đất,Rơm rạ 
904 |i Cúc, Bạch Trúc 
980 |a Trung tâm Học liệu Trường Đại học Cần Thơ